Business letters for all

Bibliographic Details
Main Authors: Naterop, Bertha J. (Author), Haberfellner, Eva (Author), Weis, Erich (Author)
Format: Book
Language:English
Published: London : Oxford University 1984
Edition:Ninth Impression
Subjects:

MARC

LEADER 00000cam a2200000 7i4500
001 0000000413
005 20240919.0
008 991123 enk a eng
020 |a 0195802322 
040 |a INS   |b eng   |e rda 
090 0 0 |a HF5726   |b .N271 1984 
100 1 |a Naterop, Bertha J. ,   |e author 
245 1 0 |a Business letters for all   |c Bertha J.Naterop, Erich Weis, Eva Haberfellner 
250 |a Ninth Impression 
264 1 |a London :   |b Oxford University   |c 1984 
300 |a 163 pages :   |b illustrations ;   |c 25 cm. 
336 |a text  |2 rdacontent 
337 |a unmediated  |2 rdamedia 
338 |a volume  |2 rdacarrier 
650 0 |a Commercial Correspondence 
700 1 |a Haberfellner, Eva ,   |e author 
700 1 |a Weis, Erich ,   |e author 
999 |a 0000001317   |b BOOK   |c Open Shelf   |e Default branch